| 000 | 00465cam a2200181ua 4500 | ||
|---|---|---|---|
| 020 | _c9.00 | ||
| 041 |
_aeng _h |
||
| 082 |
_a604.2 _bSPA/GE |
||
| 100 | _aSpanton, J.Hunpherey . | ||
| 245 |
_aGeometrical Drawing and Design / _cJ.Hunpherey Spanton. _hTextual Documents |
||
| 250 |
_a1 / _b. |
||
| 260 |
_aMelbourne : _bMacMillan and Company Limited , _c1961. |
||
| 300 | _a262 ; . | ||
| 365 | _a9.00 | ||
| 504 | _a | ||
| 942 | _cBK | ||
| 999 |
_c1433 _d1433 |
||